Claudine in Paris /

Bibliographic Details
Main Author: Colette, 1873-1954
Format: Book
Language:English
French
Published: New York : Farrar, Straus and Cudahy, [1958]

MARC

Tag First Indicator Second Indicator Subfields
LEADER 00000cam a2200000 4500
001 in00000022739
005 20151007064123.0
008 720626s1958 nyu 00001 eng u
010 |a  58008139  
035 |a (OCoLC)00341864 
035 |9 AAD9097AM 
040 |c WSU  |d TXA  |d UtOrBLW 
041 1 |a eng  |a fre 
049 |a TXAM  |c [297341] 
050 0 |a PZ3.C67984  |b Cn 
090 |a PQ2605.O28  |b C6413 1958 
092 |a 843  |b C694c 
100 0 |a Colette,  |d 1873-1954. 
245 1 0 |a Claudine in Paris /  |c Translated by Antonia White. 
264 1 |a New York :  |b Farrar, Straus and Cudahy,  |c [1958] 
300 |a 204 pages ;  |c 20 cm. 
336 |a text  |b txt  |2 rdacontent 
337 |a unmediated  |b n  |2 rdamedia 
338 |a volume  |b nc  |2 rdacarrier 
999 |a MARS 
999 f f |s 1233f1dd-214e-390e-8557-31fecfb0fc79  |i 55718ad0-d92e-3297-ad03-f695038d753d  |t 0 
952 f f |p ric  |a Texas A&M University  |b Rellis Campus  |c Joint Library Facility  |d Remote Storage  |t 0  |e PQ2605.O28 C6413 1958  |h Library of Congress classification  |i unmediated -- volume  |m A14801368212 
998 f f |a PQ2605.O28 C6413 1958  |t 0  |l Remote Storage